All MLB Gold Glove Winners Since 2000 - Statistics

General Stats
  • This quiz has been taken 89 times
  • The average score is 219 of 419
Answer Stats
Year Pos. Team Player % Correct
2022 3B STL Nolan Arenado
88%
2021 3B STL Nolan Arenado
88%
2020 3B COL Nolan Arenado
88%
2019 3B COL Nolan Arenado
88%
2018 3B COL Nolan Arenado
88%
2017 3B COL Nolan Arenado
88%
2016 3B COL Nolan Arenado
88%
2015 3B COL Nolan Arenado
88%
2014 3B COL Nolan Arenado
88%
2013 3B COL Nolan Arenado
88%
2015 2B HOU Jose Altuve
82%
2021 1B STL Paul Goldschmidt
82%
2017 1B ARI Paul Goldschmidt
82%
2015 1B ARI Paul Goldschmidt
82%
2013 1B ARI Paul Goldschmidt
82%
2015 3B BAL Manny Machado
80%
2013 3B BAL Manny Machado
80%
2019 OF BOS Mookie Betts
80%
2018 OF BOS Mookie Betts
80%
2017 OF BOS Mookie Betts
80%
2016 OF BOS Mookie Betts
80%
2022 OF LAD Mookie Betts
80%
2020 OF LAD Mookie Betts
80%
2022 1B TOR Vladimir Guerrero
80%
2003 SS TEX Álex Rodríguez
79%
2002 SS TEX Álex Rodríguez
79%
2007 C DET Iván Rodríguez
79%
2006 C DET Iván Rodríguez
79%
2004 C DET Iván Rodríguez
79%
2001 C TEX Iván Rodríguez
79%
2000 C TEX Iván Rodríguez
79%
2020 C CLE Roberto Pérez
79%
2019 C CLE Roberto Pérez
79%
2018 C KCR Salvador Perez
79%
2016 C KCR Salvador Perez
79%
2015 C KCR Salvador Perez
79%
2014 C KCR Salvador Perez
79%
2013 C KCR Salvador Perez
79%
2014 OF BAL Adam Jones
77%
2013 OF BAL Adam Jones
77%
2012 OF BAL Adam Jones
77%
2009 OF BAL Adam Jones
77%
2010 SS NYY Derek Jeter
77%
2009 SS NYY Derek Jeter
77%
2006 SS NYY Derek Jeter
77%
2005 SS NYY Derek Jeter
77%
2004 SS NYY Derek Jeter
77%
2000 SS COL Neifi Pérez
77%
2018 C STL Yadier Molina
77%
2015 C STL Yadier Molina
77%
2014 C STL Yadier Molina
77%
2013 C STL Yadier Molina
77%
2012 C STL Yadier Molina
77%
2011 C STL Yadier Molina
77%
2010 C STL Yadier Molina
77%
2009 C STL Yadier Molina
77%
2008 C STL Yadier Molina
77%
2007 UT (OF) ATL Andruw Jones
75%
2006 OF ATL Andruw Jones
75%
2005 OF ATL Andruw Jones
75%
2004 OF ATL Andruw Jones
75%
2003 OF ATL Andruw Jones
75%
2002 OF ATL Andruw Jones
75%
2001 OF ATL Andruw Jones
75%
2000 OF ATL Andruw Jones
75%
2003 C LAA Bengie Molina
75%
2002 C LAA Bengie Molina
75%
2022 1B ARI Christian Walker
75%
2014 2B BOS Dustin Pedroia
75%
2013 2B BOS Dustin Pedroia
75%
2011 2B BOS Dustin Pedroia
75%
2008 2B BOS Dustin Pedroia
75%
2016 C SFG Buster Posey
73%
2022 SS HOU Jeremy Peña
73%
2022 C PHI J.T. Realmuto
73%
2019 C PHI J.T. Realmuto
73%
2002 OF COL Larry Walker
73%
2001 OF COL Larry Walker
73%
2016 3B TEX Adrián Beltré
71%
2012 3B TEX Adrián Beltré
71%
2011 3B TEX Adrián Beltré
71%
2008 3B SEA Adrián Beltré
71%
2007 3B SEA Adrián Beltré
71%
2011 1B BOS Adrián González
71%
2014 1B LAD Adrián González
71%
2009 1B SDP Adrián González
71%
2008 1B SDP Adrián González
71%
2020 1B CHC Anthony Rizzo
71%
2019 1B CHC Anthony Rizzo
71%
2018 1B CHC Anthony Rizzo
71%
2016 1B CHC Anthony Rizzo
71%
2021 SS SFG Brandon Crawford
71%
2017 SS SFG Brandon Crawford
71%
2016 SS SFG Brandon Crawford
71%
2015 SS SFG Brandon Crawford
71%
2010 OF TBR Carl Crawford
71%
2008 1B TBR Carlos Peña
71%
2018 UT (1B) ATL Freddie Freeman
71%
2010 C MIN Joe Mauer
71%
2009 C MIN Joe Mauer
71%
2008 C MIN Joe Mauer
71%
2020 SS SEA J.P. Crawford
71%
2008 P SDP/LAD Greg Maddux
70%
2007 P SDP Greg Maddux
70%
2006 P CHC/LAD Greg Maddux
70%
2005 P CHC Greg Maddux
70%
2004 P CHC Greg Maddux
70%
2002 P ATL Greg Maddux
70%
2001 P ATL Greg Maddux
70%
2000 P ATL Greg Maddux
70%
2019 1B OAK Matt Olson
70%
2018 1B OAK Matt Olson
70%
2012 2B NYY Robinson Canó
70%
2010 2B NYY Robinson Canó
70%
2012 OF PIT Andrew McCutchen
68%
2021 SS HOU Carlos Correa
68%
2013 OF COL Carlos González
68%
2012 OF COL Carlos González
68%
2010 OF COL Carlos González
68%
2017 3B TBR Evan Longoria
68%
2010 3B TBR Evan Longoria
68%
2009 3B TBR Evan Longoria
68%
2010 OF SEA Ichiro Suzuki
68%
2009 OF SEA Ichiro Suzuki
68%
2008 OF SEA Ichiro Suzuki
68%
2007 OF SEA Ichiro Suzuki
68%
2006 OF SEA Ichiro Suzuki
68%
2005 OF SEA Ichiro Suzuki
68%
2004 OF SEA Ichiro Suzuki
68%
2003 OF SEA Ichiro Suzuki
68%
2002 OF SEA Ichiro Suzuki
68%
2001 OF SEA Ichiro Suzuki
68%
2010 3B CIN Scott Rolen
68%
2006 3B STL Scott Rolen
68%
2004 3B STL Scott Rolen
68%
2003 3B STL Scott Rolen
68%
2002 3B PHI/STL Scott Rolen
68%
2001 3B PHI Scott Rolen
68%
2000 3B PHI Scott Rolen
68%
2010 1B STL Albert Pujols
66%
2006 1B STL Albert Pujols
66%
2020 OF KCR Alex Gordon
66%
2019 OF KCR Alex Gordon
66%
2018 OF KCR Alex Gordon
66%
2017 OF KCR Alex Gordon
66%
2014 OF KCR Alex Gordon
66%
2013 OF KCR Alex Gordon
66%
2012 OF KCR Alex Gordon
66%
2011 OF KCR Alex Gordon
66%
2015 2B MIA Dee Strange-Gordon
66%
2021 3B OAK Matt Chapman
66%
2019 3B OAK Matt Chapman
66%
2018 3B OAK Matt Chapman
66%
2011 P LAD Clayton Kershaw
64%
2022 P CLE Shane Bieber
64%
2014 3B SEA Kyle Seager
63%
2022 P ATL Max Fried
63%
2021 P ATL Max Fried
63%
2020 P ATL Max Fried
63%
2009 OF LAA Torii Hunter
63%
2008 OF LAA Torii Hunter
63%
2007 OF MIN Torii Hunter
63%
2006 OF MIN Torii Hunter
63%
2005 OF MIN Torii Hunter
63%
2004 OF MIN Torii Hunter
63%
2003 OF MIN Torii Hunter
63%
2002 OF MIN Torii Hunter
63%
2001 OF MIN Torii Hunter
63%
2018 SS LAA Andrelton Simmons
61%
2017 SS LAA Andrelton Simmons
61%
2014 SS ATL Andrelton Simmons
61%
2013 SS ATL Andrelton Simmons
61%
2017 1B KCR Eric Hosmer
61%
2015 1B KCR Eric Hosmer
61%
2014 1B KCR Eric Hosmer
61%
2013 1B KCR Eric Hosmer
61%
2019 SS CLE Francisco Lindor
61%
2016 SS CLE Francisco Lindor
61%
2011 1B CIN Joey Votto
61%
2005 OF PHI Bobby Abreu
59%
2014 OF MIA Christian Yelich
59%
2008 3B NYM David Wright
59%
2007 3B NYM David Wright
59%
2012 SS PHI Jimmy Rollins
59%
2009 SS PHI Jimmy Rollins
59%
2008 SS PHI Jimmy Rollins
59%
2007 SS PHI Jimmy Rollins
59%
2007 P MIN Johan Santana
59%
2012 1B NYY Mark Teixeira
59%
2010 1B NYY Mark Teixeira
59%
2009 1B NYY Mark Teixeira
59%
2006 1B TEX Mark Teixeira
59%
2005 1B TEX Mark Teixeira
59%
2008 SS TEX Michael Young
59%
2007 SS LAA Orlando Cabrera
59%
2001 SS MON Orlando Cabrera
59%
2007 C LAD Russell Martin
59%
2008 OF NYM Carlos Beltrán
57%
2007 OF NYM Carlos Beltrán
57%
2006 OF NYM Carlos Beltrán
57%
2019 OF LAD Cody Bellinger
57%
2022 OF HOU Kyle Tucker
57%
2011 OF LAD Matt Kemp
57%
2009 OF LAD Matt Kemp
57%
2021 C OAK Sean Murphy
57%
2004 1B COL Todd Helton
57%
2002 1B COL Todd Helton
57%
2001 1B COL Todd Helton
57%
2011 SS COL Troy Tulowitzki
57%
2010 SS COL Troy Tulowitzki
57%
2022 SS ATL Dansby Swanson
55%
2007 1B CHC Derrek Lee
55%
2005 1B CHC Derrek Lee
55%
2003 1B FLA Derrek Lee
55%
2018 2B BOS Ian Kinsler
55%
2016 2B DET Ian Kinsler
55%
2022 OF CLE Steven Kwan
55%
2019 P ARI/HOU Zack Greinke
55%
2018 P ARI Zack Greinke
55%
2017 P ARI Zack Greinke
55%
2016 P ARI Zack Greinke
55%
2015 P LAD Zack Greinke
55%
2014 P LAD Zack Greinke
55%
2011 P CHW Mark Buehrle
54%
2010 P CHW Mark Buehrle
54%
2009 P CHW Mark Buehrle
54%
2012 P MIA Mark Buehrle
54%
2006 OF TOR Vernon Wells
54%
2005 OF TOR Vernon Wells
54%
2004 OF TOR Vernon Wells
54%
2015 OF DET/NYM Yoenis Céspedes
54%
2013 P STL Adam Wainwright
52%
2009 P STL Adam Wainwright
52%
2000 OF NYY Bernie Williams
52%
2006 3B OAK Eric Chávez
52%
2005 3B OAK Eric Chávez
52%
2004 3B OAK Eric Chávez
52%
2003 3B OAK Eric Chávez
52%
2002 3B OAK Eric Chávez
52%
2001 3B OAK Eric Chávez
52%
2017 OF MIA Marcell Ozuna
52%
2013 2B CIN Brandon Phillips
50%
2011 2B CIN Brandon Phillips
50%
2010 2B CIN Brandon Phillips
50%
2008 2B CIN Brandon Phillips
50%
2022 UT NYY DJ LeMahieu
48%
2018 2B COL D.J. LeMahieu
48%
2017 2B COL D.J. LeMahieu
48%
2014 2B COL D.J. LeMahieu
48%
2011 OF BOS Jacoby Ellsbury
48%
2005 OF STL Jim Edmonds
48%
2004 OF STL Jim Edmonds
48%
2003 OF STL Jim Edmonds
48%
2002 OF STL Jim Edmonds
48%
2001 OF STL Jim Edmonds
48%
2000 OF STL Jim Edmonds
48%
2016 OF PIT Starling Marte
48%
2015 OF PIT Starling Marte
48%
2019 2B CHW Yolmer Sanchez
48%
2021 P CHW Dallas Keuchel
46%
2018 P HOU Dallas Keuchel
46%
2016 P HOU Dallas Keuchel
46%
2015 P HOU Dallas Keuchel
46%
2014 P HOU Dallas Keuchel
46%
2014 SS BAL J.J. Hardy
46%
2013 SS BAL J.J. Hardy
46%
2012 SS BAL J.J. Hardy
46%
2021 2B TOR Marcus Semien
46%
2014 OF BAL Nick Markakis
46%
2011 OF BAL Nick Markakis
46%
2018 OF ATL Nick Markakis
46%
2001 SS CLE Omar Vizquel
46%
2000 SS CLE Omar Vizquel
46%
2006 SS SFG Omar Vizquel
46%
2005 SS SFG Omar Vizquel
46%
2009 3B WSN Ryan Zimmerman
46%
2017 OF CHC Jason Heyward
45%
2016 OF CHC Jason Heyward
45%
2015 OF STL Jason Heyward
45%
2014 OF ATL Jason Heyward
45%
2012 OF ATL Jason Heyward
45%
2004 2B SEA Bret Boone
43%
2003 2B SEA Bret Boone
43%
2002 2B SEA Bret Boone
43%
2005 C BOS Jason Varitek
43%
2020 SS CHC Javier Báez
43%
2008 P NYY Mike Mussina
43%
2003 P NYY Mike Mussina
43%
2001 P NYY Mike Mussina
43%
2020 2B CLE César Hernández
41%
2019 OF TBR Kevin Kiermaier
41%
2016 OF TBR Kevin Kiermaier
41%
2015 OF TBR Kevin Kiermaier
41%
2019 OF MIL Lorenzo Cain
41%
2013 OF BOS Shane Victorino
41%
2010 OF PHI Shane Victorino
41%
2009 OF PHI Shane Victorino
41%
2008 OF PHI Shane Victorino
41%
2022 2B CLE Andrés Giménez
39%
2022 2B COL Brendan Rodgers
39%
2003 OF SFG José Cruz
39%
2006 P DET Kenny Rogers
39%
2005 P TEX Kenny Rogers
39%
2004 P TEX Kenny Rogers
39%
2002 P TEX Kenny Rogers
39%
2000 P TEX Kenny Rogers
39%
2009 2B DET Plácido Polanco
39%
2007 2B DET Plácido Polanco
39%
2011 3B PHI Plácido Polanco
39%
2001 2B CLE Roberto Alomar
39%
2000 2B CLE Roberto Alomar
39%
2017 OF MIN Byron Buxton
38%
2004 1B LAA Darin Erstad
38%
2002 OF LAA Darin Erstad
38%
2000 OF LAA Darin Erstad
38%
2022 OF CHC Ian Happ
38%
2018 OF BOS Jackie Bradley Jr.
38%
2021 OF TEX/NYY Joey Gallo
38%
2020 OF TEX Joey Gallo
38%
2005 2B FLA Luis Castillo
38%
2004 2B FLA Luis Castillo
38%
2003 2B FLA Luis Castillo
38%
2015 SS KCR Alcides Escobar
36%
2016 OF NYY Brett Gardner
36%
2013 OF MIL Carlos Gómez
36%
2003 SS STL Edgar Rentería
36%
2002 SS STL Edgar Rentería
36%
2020 2B STL Kolten Wong
36%
2019 2B STL Kolten Wong
36%
2020 OF CHW Luis Robert Jr.
36%
2012 C BAL Matt Wieters
36%
2011 C BAL Matt Wieters
36%
2005 3B FLA Mike Lowell
36%
2003 1B SEA John Olerud
34%
2002 1B SEA John Olerud
34%
2000 1B SEA John Olerud
34%
2003 OF SEA Mike Cameron
34%
2001 OF SEA Mike Cameron
34%
2006 OF SDP Mike Cameron
34%
2005 2B TOR Orlando Hudson
32%
2009 2B LAD Orlando Hudson
32%
2007 2B ARI Orlando Hudson
32%
2006 2B ARI Orlando Hudson
32%
2004 OF ARI/LAD Steve Finley
32%
2000 OF ARI Steve Finley
32%
2020 1B SEA Evan White
30%
2008 OF CLE Grady Sizemore
30%
2007 OF CLE Grady Sizemore
30%
2021 1B HOU Yuli Gurriel
30%
2000 OF KCR Jermaine Dye
29%
2022 OF CLE Myles Straw
29%
2000 1B SFG J.T. Snow
27%
2019 SS ARI Nick Ahmed
27%
2018 SS ARI Nick Ahmed
27%
2022 C NYY Jose Trevino
25%
2013 P TOR R.A. Dickey
25%
2017 2B MIN Brian Dozier
23%
2010 OF SEA Franklin Gutierrez
23%
2007 1B BOS Kevin Youkilis
23%
2017 C LAA Martín Maldonado
23%
2020 C CIN Tucker Barnhart
23%
2017 C CIN Tucker Barnhart
23%
2011 OF LAD Andre Ethier
21%
2019 OF ARI David Peralta
21%
2012 UT (P) CHW Jake Peavy
21%
2022 3B BAL Ramón Urías
21%
2021 OF STL Tyler O'Neill
21%
2020 OF STL Tyler O'Neill
21%
2012 1B WSN Adam LaRoche
20%
2021 OF KCR Michael A. Taylor
20%
2016 1B TEX Mitch Moreland
20%
2021 2B STL Tommy Edman
20%
2022 OF SDP Trent Grisham
20%
2020 OF SDP Trent Grisham
20%
2010 P CIN Bronson Arroyo
18%
2012 3B SDP Chase Headley
18%
2011 SS LAA Erick Aybar
18%
2016 2B SFG Joe Panik
18%
2006 C HOU Brad Ausmus
16%
2002 C HOU Brad Ausmus
16%
2001 C HOU Brad Ausmus
16%
2018 OF ATL Ender Inciarte
16%
2017 OF ATL Ender Inciarte
16%
2016 OF ATL Ender Inciarte
16%
2017 P TOR Marcus Stroman
16%
2005 C SFG Mike Matheny
16%
2004 C STL Mike Matheny
16%
2003 C STL Mike Matheny
16%
2000 C STL Mike Matheny
16%
2008 OF PIT Nate McLouth
16%
2021 OF MIA/ATL Adam Duvall
14%
2021 OF KCR Andrew Benintendi
14%
2015 OF LAA Kole Calhoun
14%
2010 OF HOU Michael Bourn
14%
2009 OF HOU Michael Bourn
14%
2000 3B CLE Travis Fryman
14%
2002 2B STL Fernando Vina
13%
2001 2B STL Fernando Vina
13%
2013 OF ARI Gerardo Parra
13%
2011 OF ARI Gerardo Parra
13%
2021 OF STL Harrison Bader
13%
2021 C PIT Jacob Stallings
13%
2007 OF ATL Jeff Francoeur
13%
2022 UT STL Brendan Donovan
11%
2012 OF OAK Josh Reddick
11%
2003 P ATL Mike Hampton
11%
2015 OF ARI AJ Pollock
9%
2004 SS LAD César Izturis
9%
2020 P LAA Griffin Canning
9%
2012 P TBR Jeremy Hellickson
9%
2006 2B KCR Mark Grudzielanek
9%
2000 2B CIN Pokey Reese
9%
2007 OF PHI Aaron Rowand
5%
2012 2B CHC Darwin Barney
5%
2001 1B MIN Doug Mientkiewicz
5%
2020 3B TEX Isiah Kiner-Falefa
5%
2014 OF NYM Juan Lagares
5%
2018 OF PIT Corey Dickerson
4%
2019 P SEA/ARI Mike Leake
2%
No matching quizzes found
Score Distribution
Percent of People with Each Score
Percentile by Number Answered
Your Score History
You have not taken this quiz